Witamy w Bibliotece Naukowej Instytutu Łączności!

Elektronika... ależ to nic prostszego! / (Rekord nr 9864)

000 -LEADER
fixed length control field 01331cam a2200325 i 4500
001 - CONTROL NUMBER
control field vtls004053740
003 - CONTROL NUMBER IDENTIFIER
control field NUKAT
005 - DATE AND TIME OF LATEST TRANSACTION
control field 20180614104731.0
008 - FIXED-LENGTH DATA ELEMENTS--GENERAL INFORMATION
fixed length control field 170627s1968 pl a |000 0 pol c
035 ## - SYSTEM CONTROL NUMBER
System control number xx004053740
039 #9 - LEVEL OF BIBLIOGRAPHIC CONTROL AND CODING DETAIL [OBSOLETE]
Level of rules in bibliographic description 201707200135
Level of effort used to assign nonsubject heading access points VLOAD
Level of effort used to assign subject headings 201707190926
Level of effort used to assign classification agh
Level of effort used to assign subject headings 201707140852
Level of effort used to assign classification agh01
Level of effort used to assign subject headings 201707040114
Level of effort used to assign classification VLOAD
040 ## - CATALOGING SOURCE
Original cataloging agency TOR U/FIZER
Transcribing agency TOR U/FIZER
Modifying agency TOR U/FIZER
-- KR 93/MSs
041 1# - LANGUAGE CODE
Language code of text/sound track or separate title pol
Language code of original and/or intermediate translations of text fre
099 ## - LOCAL FREE-TEXT CALL NUMBER (OCLC)
Classification number hh_748599
100 1# - MAIN ENTRY--PERSONAL NAME
Personal name Œhmichen, Jean Pierre
Dates associated with a name (1922-2016).
245 10 - TITLE STATEMENT
Title Elektronika... ależ to nic prostszego! /
Statement of responsibility, etc J. P. Œhmichen ; rys. marginesowe wykonała Christine Œhmichen ; [tł. z fr. M. Rajewski].
246 1# - VARYING FORM OF TITLE
Display text Tyt. oryg.:
Title proper/short title L'électronique?... rien de plus simple!
260 ## - PUBLICATION, DISTRIBUTION, ETC. (IMPRINT)
Place of publication, distribution, etc Warszawa :
Name of publisher, distributor, etc Wydawnictwa Naukowo-Techniczne,
Date of publication, distribution, etc 1968.
300 ## - PHYSICAL DESCRIPTION
Extent 205 s. :
Other physical details il. ;
Dimensions 24 cm.
650 ## - SUBJECT ADDED ENTRY--TOPICAL TERM
Topical term or geographic name as entry element Elektronika
Form subdivision wydawnictwa popularne.
700 1# - ADDED ENTRY--PERSONAL NAME
Personal name Œhmichen, Christine.
Relator term Il.
700 1# - ADDED ENTRY--PERSONAL NAME
Personal name Rajewski, Mirosław.
Relator term Tł.
710 2# - ADDED ENTRY--CORPORATE NAME
Corporate name or jurisdiction name as entry element Wydawnictwa Naukowo-Techniczne.
Relator code pbl
9 (RLIN) 19
942 ## - ADDED ENTRY ELEMENTS (KOHA)
Source of classification or shelving scheme
Koha item type Książki
Egzemplarze
Withdrawn status Lost status Source of classification or shelving scheme Damaged status Not for loan Permanent Location Current Location Shelving location Date acquired Inventory number Full call number Barcode Date last seen Price effective from Koha item type
          Instytut Łączności Instytut Łączności Magazyn 1968-07-25 24132 24132 24132 2022-10-11 2017-11-30 Książki

Działa dzięki Koha